000 00700nam a2200289Ia 4500
005 20260324134144.0
008 008 260324s9999 xx 000 0 eng d
020 _a9780429136641
037 _aEBOOK
040 _aCRL
040 _beng
040 _cCRL
041 _2eng
041 _aeng
084 _qCRL
100 _aDaniel B. Rowe
_91195780
245 0 _aMultivariate Bayesian Statistics
245 0 _bModels for Source Separation and Signal Unmixing
260 _bTaylor and Francis
260 _c2002
365 _a
365 _b340
856 _uhttp://www.taylorfrancis.com/books/9780429136641
942 _cEBOOK
999 _c1795544
_d1795544